[Event "Bundesliga 9697"]
[Site "Deutschland"]
[Date "1996.??.??"]
[Round "?.3"]
[White "Enders, Peter"]
[Black "Beckemeier, Werner"]
[Result "1-0"]
[WhiteElo "2500"]
[BlackElo "2365"]
[PlyCount "83"]
[EventDate "1996.10.??"]
[EventType "team"]
[EventRounds "15"]
[EventCountry "GER"]
[SourceTitle "Bundesliga 9697"]
[Source "DeepChess"]
[SourceDate "2005.01.01"]
[SourceVersion "1"]
[SourceVersionDate "2005.01.01"]
[SourceQuality "1"]
[WhiteTeam "PSV Turm Duisburg 1920 e.V."]
[BlackTeam "Delmenhorster SK 1931"]
[WhiteTeamCountry "GER"]
[BlackTeamCountry "GER"]

1. e4 e5 2. Nf3 d6 3. d4 Nd7 4. Bc4 c6 5. a4 Be7 6. Nc3 Ngf6 7. O-O O-O 8. Qe2
exd4 9. Nxd4 Re8 10. Ba2 Bf8 11. f3 d5 12. Kh1 c5 13. Nf5 d4 14. Nd1 Ne5 15.
Ng3 Be6 16. Bxe6 Rxe6 17. b3 c4 18. bxc4 Rc8 19. Nb2 Rec6 20. Rd1 Qa5 21. Rxd4
Bc5 22. Rd1 Bb4 23. Nf5 Nxc4 24. Nxc4 Rxc4 25. Ne3 R4c6 26. Qb5 Bc3 27. Rb1
Qxb5 28. axb5 Rb6 29. Ba3 h6 30. Bd6 Kh7 31. e5 Nd7 32. Nd5 Bxe5 33. Nxb6 axb6
34. Bxe5 Nxe5 35. f4 Ng4 36. Rd7 Rxc2 37. Rxf7 Ne3 38. Rxb7 h5 39. Rxb6 Nxg2
40. Rc6 Re2 41. b6 Nh4 42. Rc3 1-0

[Event "Bundesliga 9697"]
[Site "Deutschland"]
[Date "1996.??.??"]
[Round "?.4"]
[White "Borik, Otto"]
[Black "Kraut, Rainer"]
[Result "1/2-1/2"]
[WhiteElo "2410"]
[BlackElo "2455"]
[PlyCount "31"]
[EventDate "1996.10.??"]
[EventType "team"]
[EventRounds "15"]
[EventCountry "GER"]
[SourceTitle "Bundesliga 9697"]
[Source "DeepChess"]
[SourceDate "2005.01.01"]
[SourceVersion "1"]
[SourceVersionDate "2005.01.01"]
[SourceQuality "1"]
[WhiteTeam "Delmenhorster SK 1931"]
[BlackTeam "PSV Turm Duisburg 1920 e.V."]
[WhiteTeamCountry "GER"]
[BlackTeamCountry "GER"]

1. Nf3 d5 2. e3 Nf6 3. d4 Bf5 4. c4 c6 5. cxd5 cxd5 6. Nc3 e6 7. Ne5 Nfd7 8. g4
Bg6 9. Nxg6 hxg6 10. Bg2 Nc6 11. Bd2 Rc8 12. h3 Bd6 13. O-O Bb8 14. f4 a6 15.
Rc1 Nf6 16. g5 1/2-1/2

[Event "Bundesliga 9697"]
[Site "Deutschland"]
[Date "1996.??.??"]
[Round "?.5"]
[White "Thesing, Matthias"]
[Black "Lauber, Arnd"]
[Result "1/2-1/2"]
[WhiteElo "2440"]
[BlackElo "2380"]
[PlyCount "101"]
[EventDate "1996.10.??"]
[EventType "team"]
[EventRounds "15"]
[EventCountry "GER"]
[SourceTitle "Bundesliga 9697"]
[Source "DeepChess"]
[SourceDate "2005.01.01"]
[SourceVersion "1"]
[SourceVersionDate "2005.01.01"]
[SourceQuality "1"]
[WhiteTeam "PSV Turm Duisburg 1920 e.V."]
[BlackTeam "Delmenhorster SK 1931"]
[WhiteTeamCountry "GER"]
[BlackTeamCountry "GER"]

1. e4 c5 2. Nc3 e6 3. f4 Nc6 4. Nf3 Nge7 5. d4 cxd4 6. Nxd4 d5 7. Be3 dxe4 8.
Nxc6 Qxd1+ 9. Rxd1 bxc6 10. Nxe4 Nd5 11. Bc1 Be7 12. c4 Nb4 13. a3 Nc2+ 14. Kd2
Nd4 15. Kc3 Nf5 16. g4 Nh6 17. Rg1 O-O 18. g5 Nf5 19. Bg2 Rb8 20. Ng3 Nxg3 21.
hxg3 c5 22. Kc2 e5 23. Rge1 Bf5+ 24. Be4 Bg4 25. Rd3 exf4 26. gxf4 g6 27. Rg3
Be6 28. b3 Rb6 29. Bd2 h5 30. gxh6 Bh4 31. h7+ Kh8 32. Bc3+ f6 33. Rxg6 Bf7 34.
Reg1 Bxg6 35. Rxg6 Bf2 36. Rg2 Be3 37. Bd5 Kxh7 38. f5 Bf4 39. Re2 Rfb8 40. b4
Be5 41. Bxe5 fxe5 42. b5 Kg7 43. Rxe5 Kf6 44. Re2 Kxf5 45. Bc6 Rd8 46. Re7 a6
47. Ra7 Rd6 48. Ra8 Ke5 49. Re8+ Re6 50. Rd8 Rd6 51. Re8+ 1/2-1/2

[Event "Bundesliga 9697"]
[Site "Deutschland"]
[Date "1996.??.??"]
[Round "?.6"]
[White "Reefschlaeger, Helmut"]
[Black "Pirrot, Dieter"]
[Result "1/2-1/2"]
[WhiteElo "2335"]
[BlackElo "2415"]
[PlyCount "96"]
[EventDate "1996.10.??"]
[EventType "team"]
[EventRounds "15"]
[EventCountry "GER"]
[SourceTitle "Bundesliga 9697"]
[Source "DeepChess"]
[SourceDate "2005.01.01"]
[SourceVersion "1"]
[SourceVersionDate "2005.01.01"]
[SourceQuality "1"]
[WhiteTeam "Delmenhorster SK 1931"]
[BlackTeam "PSV Turm Duisburg 1920 e.V."]
[WhiteTeamCountry "GER"]
[BlackTeamCountry "GER"]

1. e4 e5 2. Nf3 f5 3. d4 fxe4 4. Nxe5 Nf6 5. Be2 Be7 6. O-O d6 7. Ng4 O-O 8. c4
Nxg4 9. Bxg4 Nc6 10. Be3 Bf6 11. Bxc8 Qxc8 12. Nc3 Qf5 13. Qd2 Rae8 14. Rae1
Bh4 15. Ne2 Ne7 16. d5 Ng6 17. Nd4 Qg4 18. Qd1 Qxd1 19. Rxd1 Rf7 20. b3 Bf6 21.
Rfe1 Bxd4 22. Rxd4 h6 23. b4 Nf8 24. Bd2 Rfe7 25. c5 dxc5 26. bxc5 Kf7 27. Rb1
b6 28. c6 Rd8 29. Rd1 Ng6 30. Bb4 Ree8 31. Kf1 a5 32. Ba3 e3 33. Ke2 exf2+ 34.
Kxf2 Ne5 35. Bb2 b5 36. a4 b4 37. Re1 Kg8 38. Re3 Rxd5 39. Rxd5 Ng4+ 40. Kf3
Nxe3 41. Rd7 Nc4 42. Bxg7 Rc8 43. Bd4 b3 44. Rg7+ Kf8 45. Rh7 Rd8 46. Rh8+ Ke7
47. Bc5+ Nd6 48. Bxd6+ Rxd6 1/2-1/2

[Event "Bundesliga 9697"]
[Site "Deutschland"]
[Date "1996.??.??"]
[Round "?.7"]
[White "Prang, Edgar"]
[Black "Jugelt, Tobias"]
[Result "1-0"]
[WhiteElo "2330"]
[BlackElo "2375"]
[PlyCount "63"]
[EventDate "1996.10.??"]
[EventType "team"]
[EventRounds "15"]
[EventCountry "GER"]
[SourceTitle "Bundesliga 9697"]
[Source "DeepChess"]
[SourceDate "2005.01.01"]
[SourceVersion "1"]
[SourceVersionDate "2005.01.01"]
[SourceQuality "1"]
[WhiteTeam "PSV Turm Duisburg 1920 e.V."]
[BlackTeam "Delmenhorster SK 1931"]
[WhiteTeamCountry "GER"]
[BlackTeamCountry "GER"]

1. d4 Nf6 2. Nf3 e6 3. Bg5 c5 4. c3 Qb6 5. Qb3 Qxb3 6. axb3 Ne4 7. Bf4 cxd4 8.
Nxd4 Bc5 9. e3 Nc6 10. f3 Nf6 11. b4 Nxd4 12. exd4 Be7 13. Na3 Nd5 14. Nb5 Kd8
15. Bg3 a6 16. Bd3 f5 17. Be5 Rg8 18. g4 g6 19. h4 b6 20. Nd6 Bxd6 21. Bxd6 Bb7
22. g5 Nc7 23. Kf2 Ne8 24. Bf4 Ng7 25. Bd6 Ke8 26. b5 axb5 27. Rxa8+ Bxa8 28.
Bxb5 Kd8 29. Ra1 Bb7 30. Ra7 Ne8 31. Rxb7 Nxd6 32. Rxd7+ 1-0

[Event "Bundesliga 9697"]
[Site "Deutschland"]
[Date "1996.??.??"]
[Round "?.1"]
[White "Hausner, Ivan"]
[Black "Conquest, Stuart"]
[Result "1/2-1/2"]
[WhiteElo "2410"]
[BlackElo "2585"]
[PlyCount "168"]
[EventDate "1996.10.??"]
[EventType "team"]
[EventRounds "15"]
[EventCountry "GER"]
[SourceTitle "Bundesliga 9697"]
[Source "DeepChess"]
[SourceDate "2005.01.01"]
[SourceVersion "1"]
[SourceVersionDate "2005.01.01"]
[SourceQuality "1"]
[WhiteTeam "Delmenhorster SK 1931"]
[BlackTeam "PSV/BSV Wuppertal 1921 e.V."]
[WhiteTeamCountry "GER"]
[BlackTeamCountry "GER"]

1. c4 g6 2. Nc3 Bg7 3. d4 c5 4. d5 Bxc3+ 5. bxc3 f5 6. Nh3 Nf6 7. f3 d6 8. Nf2
Nbd7 9. e3 e5 10. Be2 O-O 11. O-O Qe7 12. a4 Qg7 13. a5 Re8 14. Bd2 Nf8 15. Qc2
g5 16. Bd3 g4 17. fxg4 e4 18. Be2 fxg4 19. Nh1 h5 20. Ng3 Re5 21. Rf4 Ng6 22.
Rf2 h4 23. Raf1 hxg3 24. Rxf6 gxh2+ 25. Kh1 g3 26. Be1 Bh3 27. gxh3 g2+ 28.
Kxh2 gxf1=Q 29. Rxf1 Rf8 30. Bg3 Rxf1 31. Bxf1 Re8 32. Bg2 Qe7 33. Qe2 Kg7 34.
Qg4 b6 35. h4 Kh7 36. axb6 axb6 37. h5 Ne5 38. Qxe4+ Kh8 39. Qf4 Rf8 40. Qh6+
Kg8 41. Bh3 Rf6 42. Qg5+ Kf8 43. Bg2 Nf7 44. Qh4 Rf5 45. Qh3 Qf6 46. Be4 Re5
47. Qg4 Rg5 48. Qf3 Qh6 49. Kg2 Qxh5 50. Qxh5 Rxh5 51. Bg6 Rh6 52. Bxf7 Kxf7
53. Kf3 Ke7 54. Ke4 Kd7 55. Bf4 Rh5 56. Kd3 Kc7 57. Ke4 Rh1 58. Kd3 Rd1+ 59.
Ke2 Rg1 60. Kd3 Rg2 61. Bh6 Rg6 62. Bf4 Rg1 63. Kc2 Rg8 64. Kd3 Rd8 65. Ke4 Kb7
66. Kf5 Kc7 67. Ke4 Rd7 68. Kd3 Kb7 69. Ke4 Rf7 70. Kd3 Kc7 71. Bg3 Rf8 72. Bf4
Kd7 73. Ke2 Rb8 74. Kd3 Ke7 75. Ke4 b5 76. cxb5 Rxb5 77. Kd3 Rb1 78. Kc4 Rd1
79. Bg3 Rh1 80. Bf4 Rh5 81. Bg3 Rh6 82. Bf4 Rg6 83. Kd3 Rg4 84. Ke4 Kd7 1/2-1/2

[Event "Bundesliga 9697"]
[Site "Deutschland"]
[Date "1996.??.??"]
[Round "?.2"]
[White "Summerscale, Aaron"]
[Black "Breutigam, Martin"]
[Result "1-0"]
[WhiteElo "2500"]
[BlackElo "2380"]
[PlyCount "83"]
[EventDate "1996.10.??"]
[EventType "team"]
[EventRounds "15"]
[EventCountry "GER"]
[SourceTitle "Bundesliga 9697"]
[Source "DeepChess"]
[SourceDate "2005.01.01"]
[SourceVersion "1"]
[SourceVersionDate "2005.01.01"]
[SourceQuality "1"]
[WhiteTeam "PSV/BSV Wuppertal 1921 e.V."]
[BlackTeam "Delmenhorster SK 1931"]
[WhiteTeamCountry "GER"]
[BlackTeamCountry "GER"]

1. d4 d5 2. c4 Nc6 3. cxd5 Qxd5 4. e3 e5 5. Nc3 Bb4 6. Bd2 Bxc3 7. bxc3 Qd6 8.
Bd3 Nge7 9. Ne2 O-O 10. O-O b6 11. Qc2 h6 12. Rab1 f5 13. Ng3 Be6 14. Rfd1 Rad8
15. Be1 f4 16. Ne4 Qa3 17. Bb5 fxe3 18. fxe3 Nd5 19. Bd2 Na5 20. Re1 Nf6 21.
Nxf6+ Rxf6 22. c4 Qe7 23. d5 Bf5 24. e4 Bg6 25. Bb4 Qf7 26. c5 Nb7 27. d6 cxd6
28. cxd6 Kh7 29. d7 a5 30. Ba3 Qe6 31. Qc7 Bxe4 32. Rxe4 Qxa2 33. Ree1 Qxa3 34.
Qxb7 Qc5+ 35. Kh1 Rdf8 36. Bd3+ Kh8 37. Qe4 g6 38. Qxe5 Qxe5 39. Rxe5 Kg7 40.
Re8 Rd6 41. Bb5 Kf7 42. Rbe1 1-0

[Event "Bundesliga 9697"]
[Site "Deutschland"]
[Date "1996.??.??"]
[Round "?.3"]
[White "Borik, Otto"]
[Black "Hennigan, Michael"]
[Result "1-0"]
[WhiteElo "2410"]
[BlackElo "2450"]
[PlyCount "111"]
[EventDate "1996.10.??"]
[EventType "team"]
[EventRounds "15"]
[EventCountry "GER"]
[SourceTitle "Bundesliga 9697"]
[Source "DeepChess"]
[SourceDate "2005.01.01"]
[SourceVersion "1"]
[SourceVersionDate "2005.01.01"]
[SourceQuality "1"]
[WhiteTeam "Delmenhorster SK 1931"]
[BlackTeam "PSV/BSV Wuppertal 1921 e.V."]
[WhiteTeamCountry "GER"]
[BlackTeamCountry "GER"]

1. d4 Nf6 2. Nf3 g6 3. c4 Bg7 4. Nc3 O-O 5. e4 d6 6. Be2 e5 7. O-O Nc6 8. d5
Ne7 9. Ne1 Ne8 10. Be3 f5 11. f3 f4 12. Bf2 g5 13. a4 Rf6 14. Nd3 Rh6 15. c5
Nf6 16. Be1 Rg6 17. Qb3 g4 18. fxg4 Nxg4 19. Bxg4 Rxg4 20. Rc1 a6 21. a5 Ng6
22. cxd6 Qxd6 23. Rc2 Bh6 24. Nb1 f3 25. Rxf3 Rxe4 26. Bb4 Rxb4 27. Qxb4 Qxd5
28. Nc3 Qd4+ 29. Qxd4 exd4 30. Ne4 c6 31. h3 Be6 32. Ndc5 Bf7 33. Rcf2 Bd5 34.
Nf6+ Kh8 35. Nxd5 cxd5 36. Rf1 Rc8 37. Nxb7 Rc2 38. b4 Nh4 39. Rg3 Rc3 40. Rg4
d3 41. Rxh4 Be3+ 42. Kh2 d2 43. Nd8 Rc4 44. Ne6 h6 45. Rg4 Rc8 46. Nc5 Kh7 47.
h4 Re8 48. Rd1 h5 49. Rg5 Bf4+ 50. g3 Re2+ 51. Kh3 Re1 52. Rxd2 Bxd2 53. Rxh5+
Kg6 54. Rxd5 Bxb4 55. Nd3 Rh1+ 56. Kg2 1-0

[Event "Bundesliga 9697"]
[Site "Deutschland"]
[Date "1996.??.??"]
[Round "?.4"]
[White "Schebler, Gerhard"]
[Black "Lauber, Arnd"]
[Result "1-0"]
[WhiteElo "2425"]
[BlackElo "2380"]
[PlyCount "71"]
[EventDate "1996.10.??"]
[EventType "team"]
[EventRounds "15"]
[EventCountry "GER"]
[SourceTitle "Bundesliga 9697"]
[Source "DeepChess"]
[SourceDate "2005.01.01"]
[SourceVersion "1"]
[SourceVersionDate "2005.01.01"]
[SourceQuality "1"]
[WhiteTeam "PSV/BSV Wuppertal 1921 e.V."]
[BlackTeam "Delmenhorster SK 1931"]
[WhiteTeamCountry "GER"]
[BlackTeamCountry "GER"]

1. d4 Nf6 2. Nf3 e6 3. g3 d5 4. Bg2 Be7 5. O-O O-O 6. c4 c5 7. cxd5 exd5 8. Nc3
Nc6 9. Bg5 c4 10. Ne5 Be6 11. Nxc6 bxc6 12. b3 Qa5 13. Qc2 Bb4 14. Rfc1 c5 15.
Bxf6 Bxc3 16. Qxc3 Qxc3 17. Rxc3 gxf6 18. dxc5 Rfc8 19. Rac1 d4 20. Rxc4 Bxc4
21. Rxc4 Rab8 22. c6 Rc7 23. Rxd4 Kf8 24. Bf3 Ke7 25. Re4+ Kd6 26. Rf4 Ke7 27.
Kf1 Rb5 28. Ke1 Rc5 29. Kd2 Rc8 30. Re4+ Kf8 31. Rd4 Re8 32. b4 Rce5 33. Bd5
Rd8 34. e4 f5 35. c7 Rc8 36. f4 1-0

[Event "Bundesliga 9697"]
[Site "Deutschland"]
[Date "1996.??.??"]
[Round "?.5"]
[White "Reefschlaeger, Helmut"]
[Black "Hausrath, Daniel"]
[Result "1-0"]
[WhiteElo "2335"]
[BlackElo "2440"]
[PlyCount "59"]
[EventDate "1996.10.??"]
[EventType "team"]
[EventRounds "15"]
[EventCountry "GER"]
[SourceTitle "Bundesliga 9697"]
[Source "DeepChess"]
[SourceDate "2005.01.01"]
[SourceVersion "1"]
[SourceVersionDate "2005.01.01"]
[SourceQuality "1"]
[WhiteTeam "Delmenhorster SK 1931"]
[BlackTeam "PSV/BSV Wuppertal 1921 e.V."]
[WhiteTeamCountry "GER"]
[BlackTeamCountry "GER"]

1. e4 d6 2. g3 Nf6 3. Bg2 g6 4. d4 Bg7 5. Nc3 O-O 6. Nge2 Nbd7 7. O-O e5 8. h3
exd4 9. Nxd4 Re8 10. Re1 c6 11. a4 a5 12. Bf4 Ne5 13. b3 Nfd7 14. Qd2 Nc5 15.
Be3 Qc7 16. Rad1 Na6 17. f4 Nd7 18. Ndb5 cxb5 19. Nxb5 Qd8 20. Nxd6 Re7 21. e5
Nf8 22. Qf2 Rd7 23. Bb6 Qe7 24. Bxa5 Ne6 25. Bb6 Nac7 26. c4 Nd8 27. Rd2 Nc6
28. Red1 Qf8 29. Bc5 Qd8 30. Nxb7 1-0

[Event "Bundesliga 9697"]
[Site "Deutschland"]
[Date "1996.??.??"]
[Round "?.6"]
[White "Hetey, Laszlo"]
[Black "Hermann, Manfred"]
[Result "1/2-1/2"]
[WhiteElo "2410"]
[BlackElo "2370"]
[PlyCount "49"]
[EventDate "1996.10.??"]
[EventType "team"]
[EventRounds "15"]
[EventCountry "GER"]
[SourceTitle "Bundesliga 9697"]
[Source "DeepChess"]
[SourceDate "2005.01.01"]
[SourceVersion "1"]
[SourceVersionDate "2005.01.01"]
[SourceQuality "1"]
[WhiteTeam "PSV/BSV Wuppertal 1921 e.V."]
[BlackTeam "Delmenhorster SK 1931"]
[WhiteTeamCountry "GER"]
[BlackTeamCountry "GER"]

1. d4 d5 2. Nf3 Nf6 3. c4 c6 4. Nc3 dxc4 5. a4 Bf5 6. e3 e6 7. Bxc4 Bb4 8. O-O
O-O 9. Nh4 Bg4 10. f3 Nd5 11. Qe1 Be7 12. fxg4 Bxh4 13. Qe2 Nd7 14. a5 b5 15.
axb6 axb6 16. Rxa8 Qxa8 17. e4 Nxc3 18. bxc3 Be7 19. Bb2 b5 20. Bb3 Qb7 21. Ra1
Nb6 22. g3 Ra8 23. Rxa8+ Qxa8 24. Bc1 Qa5 25. Qc2 1/2-1/2

[Event "Bundesliga 9697"]
[Site "Deutschland"]
[Date "1996.??.??"]
[Round "?.8"]
[White "Sukharisingh, Ralf"]
[Black "Schlemermeyer, Wilhelm"]
[Result "0-1"]
[WhiteElo "2400"]
[BlackElo "2310"]
[PlyCount "80"]
[EventDate "1996.10.??"]
[EventType "team"]
[EventRounds "15"]
[EventCountry "GER"]
[SourceTitle "Bundesliga 9697"]
[Source "DeepChess"]
[SourceDate "2005.01.01"]
[SourceVersion "1"]
[SourceVersionDate "2005.01.01"]
[SourceQuality "1"]
[WhiteTeam "PSV/BSV Wuppertal 1921 e.V."]
[BlackTeam "Delmenhorster SK 1931"]
[WhiteTeamCountry "GER"]
[BlackTeamCountry "GER"]

1. d4 g6 2. c4 Bg7 3. e4 d6 4. Nc3 Nc6 5. d5 Nd4 6. Nge2 c5 7. Be3 Qb6 8. Nxd4
cxd4 9. Na4 Qa5+ 10. Bd2 Qc7 11. Bd3 Nf6 12. O-O Ng4 13. Rc1 O-O 14. b4 Bd7 15.
Nb2 b6 16. Be2 Nf6 17. f3 a5 18. bxa5 bxa5 19. Nd3 Rfc8 20. Qb3 Qa7 21. Qa3 Bf8
22. Rc2 Be8 23. Rb1 e6 24. Rcc1 Rcb8 25. Bd1 Rxb1 26. Rxb1 Qa6 27. Rc1 exd5 28.
cxd5 Bb5 29. Nb2 Nd7 30. Ba4 Nc5 31. Bxb5 Qxb5 32. Nc4 a4 33. Bf4 d3 34. Kh1
Rc8 35. Nb2 d2 36. Bxd2 Nb3 37. Rg1 Nxd2 38. Nxa4 Ra8 39. Qc1 Nxe4 40. fxe4
Qxa4 0-1

[Event "Bundesliga 9697"]
[Site "Deutschland"]
[Date "1997.??.??"]
[Round "?.1"]
[White "Stohl, Igor"]
[Black "Kindermann, Stefan"]
[Result "1/2-1/2"]
[WhiteElo "2580"]
[BlackElo "2540"]
[PlyCount "119"]
[EventDate "1996.10.??"]
[EventType "team"]
[EventRounds "15"]
[EventCountry "GER"]
[SourceTitle "Bundesliga 9697"]
[Source "DeepChess"]
[SourceDate "2005.01.01"]
[SourceVersion "1"]
[SourceVersionDate "2005.01.01"]
[SourceQuality "1"]
[WhiteTeam "Delmenhorster SK 1931"]
[BlackTeam "SAbt SV Werder Bremen"]
[WhiteTeamCountry "GER"]
[BlackTeamCountry "GER"]

1. Nf3 Nf6 2. c4 g6 3. g3 Bg7 4. Bg2 O-O 5. d4 d6 6. Nc3 Nc6 7. O-O a6 8. d5
Na5 9. Nd2 c5 10. Qc2 Rb8 11. b3 b5 12. Bb2 Bh6 13. f4 bxc4 14. bxc4 e5 15.
dxe6 Bxe6 16. Nd5 Rxb2 17. Qxb2 Bg7 18. Qc1 Bxd5 19. Bxd5 Nxd5 20. cxd5 Qe7 21.
Rb1 Qxe2 22. Qd1 Qe3+ 23. Kh1 c4 24. Re1 Qa3 25. Ne4 Rc8 26. Rb6 c3 27. Qd3
Qxa2 28. Qxa6 Rf8 29. Rb5 c2 30. Rxa5 Qb1 31. Qf1 Rb8 32. Ra8 Rxa8 33. Rxb1
cxb1=Q 34. Qxb1 Ra1 35. Qxa1 Bxa1 36. Nxd6 Kf8 37. Kg2 Ke7 38. Nc4 f5 39. Kf3
Bd4 40. h3 Kf6 41. g4 h6 42. Ne3 Bc5 43. h4 fxg4+ 44. Nxg4+ Kg7 45. Ne5 Be7 46.
Nc6 Bd6 47. Ke4 Kf6 48. Ne5 h5 49. Nd7+ Ke7 50. Nb6 Bc5 51. Nc4 Kf6 52. Ne5 Bd6
53. Nf3 Bc5 54. Nd4 Bb4 55. f5 gxf5+ 56. Nxf5 Be1 57. Kf4 Bd2+ 58. Ke4 Be1 59.
d6 Ke6 60. Ng7+ 1/2-1/2

[Event "Bundesliga 9697"]
[Site "Deutschland"]
[Date "1997.??.??"]
[Round "?.2"]
[White "Knaak, Rainer"]
[Black "Hausner, Ivan"]
[Result "1-0"]
[WhiteElo "2540"]
[BlackElo "2410"]
[PlyCount "97"]
[EventDate "1996.10.??"]
[EventType "team"]
[EventRounds "15"]
[EventCountry "GER"]
[SourceTitle "Bundesliga 9697"]
[Source "DeepChess"]
[SourceDate "2005.01.01"]
[SourceVersion "1"]
[SourceVersionDate "2005.01.01"]
[SourceQuality "1"]
[WhiteTeam "SAbt SV Werder Bremen"]
[BlackTeam "Delmenhorster SK 1931"]
[WhiteTeamCountry "GER"]
[BlackTeamCountry "GER"]

1. d4 Nf6 2. c4 d6 3. Nc3 Nbd7 4. Nf3 g6 5. Bg5 h6 6. Bh4 g5 7. Bg3 Nh5 8. e3
Bg7 9. Qc2 c6 10. Be2 Ndf6 11. Nd2 Nxg3 12. hxg3 Bd7 13. Nde4 Nxe4 14. Qxe4 Qa5
15. g4 e6 16. Rb1 d5 17. cxd5 cxd5 18. Qd3 Rc8 19. O-O Qd8 20. Bd1 Qe7 21. Re1
O-O 22. e4 dxe4 23. Qxe4 b5 24. Bc2 Rfd8 25. Re3 Rc4 26. Ne2 Kf8 27. Qh7 Bc6
28. Bd3 Rcxd4 29. Nxd4 Rxd4 30. Be2 Qd6 31. Rc1 Bb7 32. b3 b4 33. Rd3 Qf4 34.
Rc2 Re4 35. Rd8+ Ke7 36. Qxg7 Rxe2 37. Qf8+ Kf6 38. Qh8+ Ke7 39. Rxe2 Qc1+ 40.
Kh2 Qc7+ 41. Re5 Qxd8 42. Qxd8+ Kxd8 43. Rb5 Kc7 44. Rxb4 Bc6 45. Rc4 Kb7 46.
Rc3 Be4 47. Rh3 Bb1 48. a3 Bc2 49. Rxh6 1-0

[Event "Bundesliga 9697"]
[Site "Deutschland"]
[Date "1997.??.??"]
[Round "?.3"]
[White "Breutigam, Martin"]
[Black "Blatny, Pavel"]
[Result "0-1"]
[WhiteElo "2380"]
[BlackElo "2540"]
[PlyCount "128"]
[EventDate "1996.10.??"]
[EventType "team"]
[EventRounds "15"]
[EventCountry "GER"]
[SourceTitle "Bundesliga 9697"]
[Source "DeepChess"]
[SourceDate "2005.01.01"]
[SourceVersion "1"]
[SourceVersionDate "2005.01.01"]
[SourceQuality "1"]
[WhiteTeam "Delmenhorster SK 1931"]
[BlackTeam "SAbt SV Werder Bremen"]
[WhiteTeamCountry "GER"]
[BlackTeamCountry "GER"]

1. b3 e5 2. Bb2 d6 3. g3 g6 4. Bg2 Bg7 5. c4 f5 6. e3 Nf6 7. Nc3 O-O 8. Nge2
Nc6 9. d3 Qe8 10. Qd2 Be6 11. O-O Rd8 12. Nd5 Qf7 13. e4 Qd7 14. f4 Nh5 15.
Rae1 Rf7 16. b4 fxe4 17. dxe4 exf4 18. gxf4 Bxb2 19. Qxb2 Rdf8 20. b5 Ne7 21.
Qd2 Nxd5 22. cxd5 Bh3 23. Bxh3 Qxh3 24. Rf2 Qg4+ 25. Rg2 Qf3 26. f5 Qxe4 27.
Ng3 Qf3 28. Re3 Qf4 29. Rc3 Qxd2 30. Rxd2 Nxg3 31. hxg3 Rxf5 32. Rxc7 R5f7 33.
Rc4 Kg7 34. Ra4 b6 35. Rc4 Rd7 36. Kg2 Rf5 37. Rc8 h5 38. a4 Kh6 39. Rc4 Kg5
40. Re4 Re5 41. Rc4 Re3 42. Rdc2 Rf7 43. R4c3 Re4 44. Rc4 Rfe7 45. Rc6 Rd7 46.
R6c4 Rxc4 47. Rxc4 Kf5 48. Rc8 Ke5 49. Rg8 Kxd5 50. Rxg6 Kc4 51. Rh6 d5 52.
Rxh5 d4 53. Kf2 Kb3 54. Ke1 Kxa4 55. Kd2 Rg7 56. Kd3 Rxg3+ 57. Kxd4 Kb4 58. Rh7
Ra3 59. Rh5 Ra5 60. Rh7 Kxb5 61. Rh5+ Ka6 62. Rh7 Rc5 63. Rg7 Rc1 64. Rf7 b5
0-1

[Event "Bundesliga 9697"]
[Site "Deutschland"]
[Date "1997.??.??"]
[Round "?.4"]
[White "Meins, Gerlef"]
[Black "Beckemeier, Werner"]
[Result "0-1"]
[WhiteElo "2465"]
[BlackElo "2365"]
[PlyCount "75"]
[EventDate "1996.10.??"]
[EventType "team"]
[EventRounds "15"]
[EventCountry "GER"]
[SourceTitle "Bundesliga 9697"]
[Source "DeepChess"]
[SourceDate "2005.01.01"]
[SourceVersion "1"]
[SourceVersionDate "2005.01.01"]
[SourceQuality "1"]
[WhiteTeam "SAbt SV Werder Bremen"]
[BlackTeam "Delmenhorster SK 1931"]
[WhiteTeamCountry "GER"]
[BlackTeamCountry "GER"]

1. d4 e6 2. g3 f5 3. Bg2 Nf6 4. Nf3 d5 5. c4 c6 6. Qc2 Bd6 7. Bf4 Bxf4 8. gxf4
O-O 9. Nbd2 Ne4 10. e3 b6 11. O-O Bb7 12. b4 Nd7 13. c5 Rf6 14. Rfc1 Rg6 15.
Nf1 Qe7 16. Ne5 Rh6 17. f3 Nef6 18. cxb6 Nxb6 19. Nxc6 Bxc6 20. Qxc6 Nfd7 21.
Qc3 Kh8 22. Qe1 Nc4 23. a4 Rg8 24. Ra2 g5 25. fxg5 Qxg5 26. f4 Qh5 27. Qd1 Rg4
28. Qf3 Nf6 29. b5 Ne4 30. a5 Ncd2 31. Rc8+ Kg7 32. Rc7+ Kf6 33. Nxd2 Qxh2+ 34.
Kf1 Nxd2+ 35. Rxd2 Rhg6 36. e4 Rxf4 37. e5+ Kg5 38. Qxf4+ 0-1

[Event "Bundesliga 9697"]
[Site "Deutschland"]
[Date "1997.??.??"]
[Round "?.5"]
[White "Borik, Otto"]
[Black "Heissler, Jakob"]
[Result "1-0"]
[WhiteElo "2410"]
[BlackElo "2430"]
[PlyCount "85"]
[EventDate "1996.10.??"]
[EventType "team"]
[EventRounds "15"]
[EventCountry "GER"]
[SourceTitle "Bundesliga 9697"]
[Source "DeepChess"]
[SourceDate "2005.01.01"]
[SourceVersion "1"]
[SourceVersionDate "2005.01.01"]
[SourceQuality "1"]
[WhiteTeam "Delmenhorster SK 1931"]
[BlackTeam "SAbt SV Werder Bremen"]
[WhiteTeamCountry "GER"]
[BlackTeamCountry "GER"]

1. d4 Nf6 2. Nf3 d6 3. c4 Nbd7 4. Nc3 c6 5. g3 g6 6. Bg2 Bg7 7. O-O O-O 8. Qc2
e5 9. Rd1 Qe7 10. e3 Re8 11. b3 Nf8 12. Ba3 e4 13. Nd2 Bf5 14. d5 c5 15. b4 b6
16. bxc5 bxc5 17. Rab1 h5 18. Rb5 N8h7 19. Rdb1 Ng5 20. Rb7 Qd8 21. h4 Nf3+ 22.
Bxf3 exf3 23. e4 Bc8 24. R7b3 Ng4 25. Nxf3 f5 26. Re1 fxe4 27. Rxe4 Bf5 28.
Rxe8+ Qxe8 29. Qd2 Qe7 30. Nd1 Rf8 31. Ng5 Ne5 32. Rc3 Bg4 33. f4 Nf7 34. Re3
Nxg5 35. hxg5 Qf7 36. Bb2 Bxb2 37. Nxb2 h4 38. Nd3 Bf5 39. Nf2 Bc8 40. Ne4 Qf5
41. Nf6+ Kf7 42. Qe2 Qb1+ 43. Kg2 1-0

[Event "Bundesliga 9697"]
[Site "Deutschland"]
[Date "1997.??.??"]
[Round "?.6"]
[White "Babula, Vlastimil"]
[Black "Lauber, Arnd"]
[Result "1-0"]
[WhiteElo "2535"]
[BlackElo "2360"]
[PlyCount "73"]
[EventDate "1996.10.??"]
[EventType "team"]
[EventRounds "15"]
[EventCountry "GER"]
[SourceTitle "Bundesliga 9697"]
[Source "DeepChess"]
[SourceDate "2005.01.01"]
[SourceVersion "1"]
[SourceVersionDate "2005.01.01"]
[SourceQuality "1"]
[WhiteTeam "SAbt SV Werder Bremen"]
[BlackTeam "Delmenhorster SK 1931"]
[WhiteTeamCountry "GER"]
[BlackTeamCountry "GER"]

1. d4 Nf6 2. c4 e6 3. Nc3 Bb4 4. e3 O-O 5. Bd3 d5 6. Nf3 c5 7. O-O Nc6 8. a3
Bxc3 9. bxc3 Qc7 10. cxd5 exd5 11. a4 Re8 12. Ba3 c4 13. Bc2 Bg4 14. Qe1 Qd7
15. Nh4 Bh5 16. Bf5 Qc7 17. f3 g5 18. g4 Bg6 19. Nxg6 hxg6 20. Bb1 Kg7 21. Ra2
Rh8 22. Raf2 Nd8 23. Rg2 Ne6 24. Bc1 Rh4 25. Qe2 Re8 26. Qc2 Reh8 27. Rff2 Re8
28. Bd2 b6 29. Qd1 Rh3 30. Bc2 a6 31. Be1 b5 32. Rf1 Qb6 33. Bg3 Nf8 34. Rgf2
Re7 35. Kg2 Rh8 36. e4 Ne6 37. Qd2 1-0